000 01029cam a2200205 4500
001 ABS65183
008 020306n2002 000 0 eng u
035 _a(Sirsi) u117030
100 _aEdwards, M.
245 _aPlanning
260 _c2002
490 _aEstates Gazette
_v(0205) 2 February 2002, 126
490 _aEstates Gazette
_v(0206) 9 February 2002, 148-149(3)
520 _aTwo part article on planning obligations. Part One looks at the existing legal position in the light of the proposed changes outlined in the DETR's consultation paper "Reforming planning obligations: delivering a fundamental change". Part Two considers the key proposals for change including affordable housing contributions to be paid by commercial and residential developers, introducing locally-set tariffs and making negotiaiton planning obligations to be the exception rather than the norm.
590 _aABS
650 _aPLANNING OBLIGATIONS
690 _aPlanning and development
_96259
700 _aMartin, J.
942 _n0
999 _c69720
_d69720